LEADER 01224nam--2200361---450- 001 990002709450203316 005 20091116153315.0 010 $a1-84277-532-4 035 $a000270945 035 $aUSA01000270945 035 $a(ALEPH)000270945USA01 035 $a000270945 100 $a20060213d2004----km-y0itay0103----ba 101 $aeng 102 $aGB 105 $a||||||||001yy 200 1 $aBehind the scenes at the WTO$ethe real world of international trade negotiations$elessons of Cancun-updated edition$fFatoumata Jawara and Aileen Kwa 210 $aLondon [etc.]$cZed Books$aBangkok$cFocus on the global south$d2004 215 $aLXXXV, 329 p.$d20 cm. 606 0 $aWorld Trade Organization 676 $a382.92 700 1$aJAWARA,$bFatoumata$0592530 701 1$aKWA,$bAileen$0592531 801 0$aIT$bsalbc$gISBD 912 $a990002709450203316 951 $aXXIII.2.C. 246 (IG VIII 10 ING 869)$b48560 G.$cXXIII.2.C. 246 (IG VIII)$d00180721 959 $aBK 969 $aGIU 979 $aRENATO$b90$c20060213$lUSA01$h1010 979 $aGIUSY$b90$c20080418$lUSA01$h1233 979 $aRSIAV4$b90$c20091116$lUSA01$h1533 996 $aBehind the scenes at the WTO$91001783 997 $aUNISA LEADER 01596aam 2200469I 450 001 9910714149003321 005 20151113033705.0 024 8 $aGOVPUB-C13-bfecb877703bf180ef741f0f14e0c485 035 $a(CKB)4330000001258583 035 $a(OCoLC)929067727 035 $a(EXLCZ)994330000001258583 100 $a20151113d1996 ua 0 101 0 $aeng 181 $2rdacontent 182 $2rdamedia 183 $2rdacarrier 200 10$aEstimates of hurricane wind speeds by the 'peaks over threshold' method /$fEmil Simiu, N. A. Heckert, T. Whalen 210 1$aGaithersburg, MD :$cU.S. Dept. of Commerce, National Institute of Standards and Technology,$d1996. 215 $a1 online resource 225 1 $aNIST technical note ;$v1416 300 $a1996. 300 $aContributed record: Metadata reviewed, not verified. Some fields updated by batch processes. 300 $aTitle from PDF title page. 320 $aIncludes bibliographical references. 606 $aWind resistant design 606 $aWind-pressure 606 $aWinds$xSpeed 615 0$aWind resistant design. 615 0$aWind-pressure. 615 0$aWinds$xSpeed. 700 $aSimiu$b Emil$043582 701 $aHeckert$b N. A$01416268 701 $aSimiu$b Emil$043582 701 $aWhalen$b T$01403042 712 02$aUnited States.$bNational Bureau of Standards. 801 0$bNBS 801 1$bNBS 801 2$bGPO 906 $aBOOK 912 $a9910714149003321 996 $aEstimates of hurricane wind speeds by the 'peaks over threshold' method$93521080 997 $aUNINA